Vztahy v zrcadle aury : jak energetická pole ovlivňují lidské soužití /

Hlavní autor: Oetinger, Manuela
Další autoři: Světlík, Eduard, 1931-2018
Jazyk: Čeština
Vydáno: V Praze : Metafora, 2006
Vydání: Vyd. 1.
Edice: Aquamarin
Témata:
Externí odkaz: Digitalizovaný dokument
Fyzický popis: 186 s. ; 21 cm
Knihy
Uloženo v:
LEADER 02278nam a2200625 a 4500
001 nkc20061653545
003 CZ PrNK
005 20121220114447.0
007 ta
008 060502s2006 xr e 000 0 cze
015 |a cnb001653545 
020 |a 80-7359-052-2  |q (brož.) 
035 |a (OCoLC)85722343 
040 |a BOA001  |b cze 
041 1 |a cze  |h ger 
072 7 |a 159.96  |x Zvláštní duševní stavy a procesy. Hlubinná psychologie  |2 Konspekt  |9 17 
080 |a 316.472.4  |2 MRF 
080 |a 316.472.42  |2 MRF 
080 |a 177.6  |2 MRF 
080 |a 577.337  |2 MRF 
080 |a 159.96  |2 MRF 
080 |a 13  |2 MRF 
080 |a (049)  |2 MRF 
100 1 |a Oetinger, Manuela  |7 mzk2005272928  |4 aut 
245 1 0 |a Vztahy v zrcadle aury :  |b jak energetická pole ovlivňují lidské soužití /  |c Manuela Oetingerová ; přeložil Eduard Světlík 
250 |a Vyd. 1. 
260 |a V Praze :  |b Metafora,  |c 2006 
300 |a 186 s. ;  |c 21 cm 
490 1 |a Aquamarin 
500 |a Vydáno ve spolupráci s Katarinou Michel 
500 |a Přeloženo z němčiny 
650 0 7 |a interpersonální vztahy  |7 ph114786  |2 czenas 
650 0 7 |a partnerské vztahy  |7 ph115684  |2 czenas 
650 0 7 |a láska  |7 ph117230  |2 czenas 
650 0 7 |a energetický systém člověka  |7 ph137672  |2 czenas 
650 0 7 |a aura  |7 ph118673  |2 czenas 
650 0 7 |a duchovní život  |7 ph114375  |2 czenas 
650 0 9 |a interpersonal relations  |2 eczenas 
650 0 9 |a partner relationships  |2 eczenas 
650 0 9 |a love  |2 eczenas 
650 0 9 |a human bioenergetics  |2 eczenas 
650 0 9 |a aura  |2 eczenas 
650 0 9 |a spiritual life  |2 eczenas 
655 7 |a pojednání  |7 fd133056  |2 czenas 
655 9 |a essays  |2 eczenas 
700 1 |a Světlík, Eduard,  |d 1931-2018  |7 jk01121897  |4 trl 
765 0 |t Beziehungen in Spiegel der Aura  |9 Česky 
830 0 |a Aquamarin  |0 s 
856 4 1 |u http://www.digitalniknihovna.cz/mzk/uuid/uuid:d040d2d0-b6d4-11e6-a108-005056827e51  |y Digitalizovaný dokument  |x NDK 
910 2 |a BOA001  |b 2-1167.929 
990 |a BK 
995 |a 01 
991 |b 200605  |c NOV 
996 7 |b 2610278414  |c 2-1167.929  |l MZK  |r Sklad / do 1 hodiny  |n 1  |p p.v.  |w 000815552  |u 000010  |a 1  |e BOA001  |j MZK50  |s A 
996 6 |b 2610531217  |c 2-1167.929  |l MZK  |r Sklad / do 1 hodiny  |n 2  |p kup  |w 000815552  |u 000020  |a 1  |e BOA001  |j MZK50  |s P